000
00292nam a22001097a 4500
082
_a
629.8323 DAV'E
100
_a
DAVIS, SEDNEY A,LEDGERWOOD, B. K
_9
77156
245
_a
ELECTROMECHANICAL COMPONENTS FOR SERVOMECHANISMS
260
_a
NEWYORK
_b
MCGRAW HILL
_c
1961
300
_a
383P
942
_c
BK
999
_c
582477
_d
582477